Sports Quiz

Random Sports Quiz

AZ in Europe since 1990 Quiz Stats

Quiz not verified by Sporcle

Challenge
Share
Tweet
Embed
Score 0/63 Timer 10:00
0 Plays Today
Hint Answer % Correct
2004/05 UEFASporting Lisbon
93.1%
2016/17 ELOlympique Lyonnais
89.5%
2007/08 UEFAZenit St Petersburg
87.9%
2016/17 ELZenit St Petersburg
87.9%
2009/10 CLArsenal
77.6%
2013/14 ELBenfica
75.9%
2004/05 UEFAVillarreal
72.4%
2011/12 ELValencia CF
70.7%
2004/05 UEFARangers FC
69%
2006/07 UEFASevilla
69%
2006/07 UEFAFenerbahce
67.2%
2009/10 CLStandard Liege
67.2%
2011/12 ELRSC Anderlecht
67.2%
2006/07 UEFANewcastle United
62.1%
2004/05 UEFAPAOK Saloniki
60.3%
2013/14 ELPAOK Saloniki
60.3%
2016/17 ELMaccabi Tel Aviv
58.6%
2009/10 CLOlympiacos
56.9%
2006/07 UEFAWerder Bremen
55.2%
2004/05 UEFAShakhtar Donetsk
53.4%
2005/06 UEFABetis Sevilla
53.4%
2016/17 ELDundalk
53.4%
2004/05 UEFAAJ Auxerre
51.7%
2007/08 UEFAEverton
51.7%
2012/13 ELAnzhi Makhachkala
51.7%
2013/14 ELMaccabi Haifa
51.7%
2013/14 ELAnzhi Makhachkala
51.7%
2015/16 ELPartizan Belgrade
48.3%
2011/12 ELUdinese
46.6%
2005/06 UEFAGrasshoppers
44.8%
2006/07 UEFASC Braga
44.8%
2006/07 UEFAGrasshoppers
44.8%
Hint Answer % Correct
2010/11 ELDynamo Kiev
43.1%
2004/05 UEFAAlemannia Aachen
37.9%
2011/12 ELMalmo FF
37.9%
2015/16 ELAthletic Club
36.2%
2010/11 ELBATE Borisov
32.8%
2015/16 ELFC Augsburg
32.8%
2007/08 UEFA1. FC Nurnberg
31%
2011/12 ELAustria Wien
31%
2010/11 ELSheriff Tiraspol
29.3%
2006/07 UEFASlovan Liberec
27.6%
2013/14 ELSlovan Liberec
27.6%
2005/06 UEFAKrylja Sovetov Samara
24.1%
2015/16 ELAstra Giurgiu
24.1%
2005/06 UEFAMiddlesbrough
22.4%
2010/11 ELIFK Goteborg
20.7%
2004/05 UEFAGrazer AK
19%
2007/08 UEFAAE Larissa
19%
2016/17 ELFK Vojvodina
19%
2004/05 UEFAAmica Wronki
15.5%
2006/07 UEFAKayserispor
15.5%
2007/08 UEFAPacos Ferreira
15.5%
2011/12 ELAalesunds FK
15.5%
2013/14 ELAtromitos
15.5%
2005/06 UEFADnipro Dnipropetrovsk
13.8%
2011/12 ELMetalist Charkov
13.8%
2015/16 ELIstanbul Basaksehir
13.8%
2005/06 UEFALitex Lovech
6.9%
2010/11 ELFC Aktobe
6.9%
2013/14 ELShakhter Karagandy
6.9%
2016/17 ELPAS Giannina
6.9%
2011/12 ELBaumit Jablonec
5.2%

You're not logged in!

Compare scores with friends on all Sporcle quizzes.
Sign Up with Email
OR
Log In

You Might Also Like...

Show Comments

Extras

Top Quizzes Today


Score Distribution

Your Account Isn't Verified!

In order to create a playlist on Sporcle, you need to verify the email address you used during registration. Go to your Sporcle Settings to finish the process.